Les origines de la plèbe romaine

Gorde:
Xehetasun bibliografikoak
Egile nagusia: Richard, Jean-Claude (Egilea)
Formatua: Liburua
Hizkuntza:frantsesa
Argitaratua: Roma Ecole Francaise de Rome 1978
Saila:Bibliothèque des Ecoles Francaises D'Athènes et de Rome, 232
Gaiak:
Etiketak: Etiketa erantsi
Etiketarik gabe, Izan zaitez lehena erregistro honi etiketa jartzen!

MARC

LEADER 00000nam a2200000 a 4500
001 UCP9454
003 CL-VaPUC
008 000324e19780000IT |||||||||||||||||fre|d
082 0 4 |a 937  |b RIC  |2 21 
100 0 |a Richard, Jean-Claude  |e author  |9 440043 
245 1 4 |a Les origines de la plèbe romaine 
300 |a 653 p 
942 |c BK 
945 |d 20000324 00:00:00  |a rherrera 
260 |a Roma  |b Ecole Francaise de Rome  |c 1978 
650 0 |a Historia antigua  |9 267521 
650 7 |a ROMA  |2 CL-VaPUC  |9 317375 
650 7 |a PLEBE  |2 CL-VaPUC  |9 400622 
650 7 |a ORIGENES  |2 CL-VaPUC  |9 367418 
650 7 |a PATRICIOS  |2 CL-VaPUC  |9 401215 
650 7 |a SOCIEDAD ROMANA  |2 CL-VaPUC  |9 343215 
650 0 |a Ciudadanía  |9 258339 
650 7 |a PARTICIPACION POLITICA  |2 CL-VaPUC  |9 440044 
650 7 |a REFORMAS  |2 CL-VaPUC  |9 256195 
650 0 |a Clases sociales  |9 256858 
583 |a last modification  |c 20000324 00:00:00  |k Rodrigo Vera 
490 0 |a Bibliothèque des Ecoles Francaises D'Athènes et de Rome, 232 
999 |c 286266  |d 286264 
952 |0 0  |1 0  |4 0  |6 937_000000000000000_RIC_1978  |7 0  |8 A  |9 331790  |a BIBHIS  |b BIBHIS  |d 2019-11-20  |i 1260189  |o 937 RIC 1978  |p 1260189  |r 2025-01-20  |w 2019-11-20  |y BK  |k HIS